| 000 | 00365nam a2200121Ia 4500 | ||
|---|---|---|---|
| 008 | 190415s9999 xx 000 0 und d | ||
| 082 | _a305.806 CHA-I | ||
| 100 | _aOsmania University Centre for | ||
| 245 | 0 | _aInternational conference on challenges of ethnicity: the local and the global:ab | |
| 260 |
_aHyderabad _bthe author _c2009 |
||
| 300 | _av.p. | ||
| 942 | _cBK | ||
| 999 |
_c15884 _d15884 |
||